Schmalenbachs Zeitschrift für Betriebswirtschaftliche Forschung

Uložené v:
Podrobná bibliografia
Médium: Seriál
Jazyk:German
Vydavateľské údaje: Wiesbaden Gabler 1980
Tagy: Pridať tag
Žiadne tagy, Buďte prvý, kto otaguje tento záznam!

MARC

LEADER 00000nas2a2200000 4500
001 0019401
005 20250730114403.4
041 0 |a ger 
044 |a DE 
245 1 0 |a Schmalenbachs Zeitschrift für Betriebswirtschaftliche Forschung 
264 1 |a Wiesbaden  |b Gabler  |c 1980 
300 |a 2 zv. 
773 0 |w eu_un_cat*s122717